000 00879nam a2200217Ii 4500
003 JO-AjNU
008 230605s9999||||xx |||||||||||||| ||und||
017 _a1987/4/10000
040 _aJO-AjNU
_bara
_erda
_cJO-AjNU
041 _aara
050 1 4 _aDT318.M65 1987
100 3 _aتاليف المراكشي، عبد الواحد بن علي التميمي؛ اختيار وتقديم بدر، احمد,
_eauthor
_918856
245 0 0 _aمن كتاب المعجب في تلخيص اخبار المغرب
264 3 1 _aدمشق: وزارة الثقافة،1987
300 _a268ص
_bيتضمن مراجع بيليوجرافية
336 _atext
_btxt
_2rdacontent
337 _aunmediated
_bn
_2rdamedia
338 _avolume
_bnc
_2rdacarrier
490 0 _aالمختار من التراث العربي؛ 6
650 4 _aالمغرب-تاريخ الموحدين، 1130-1269
_918857
999 _aA6109
_c9677
_d9677